000 00528nam a2200193Ia 4500
005 20250508162703.0
008 008 250505s9999 xx 000 0 eng d
020 _a0-415-00220-6
037 _aTextual
040 _aFEDL
_beng
_cFEDL
041 _aeng
_2eng
084 _a372, CAM
_qFEDL
100 _aCampbell R J Ed.
_9773817
245 0 _aRoutledge compendium of primary education
260 _aLondon, UK
_bRoutledge
_c1988
300 _ax,253p.
942 _cTEXL
_h372, CAM
999 _c1378063
_d1378063